000 00330nam a2200121Ia 4500
008 220204s9999 xx 000 0 und d
082 _a575:631.52:631.528
_bEUC
245 0 _aUse of induced mutations in plant breeding.
260 _aOxford
_bPergamon
_c1965
650 _aInduced mutation
650 _aPlant breeding
942 _cBK
999 _c21389
_d21389